000 00373nam a2200133Ia 4500
005 20260328101519.0
008 260328s9999||||xx |||||||||||||| ||und||
100 _aMitchell, William J.
245 0 _aImagining MIT :
_b Designing a campus for the twenty-first Century /
_cWilliam J. Mitchell
260 _bMIT Press
300 _a142 p.
650 _aARQUITECTOS
942 _cBK
999 _c9521
_d9521